000 00479nam a2200193Ia 4500
005 20240823042039.0
008 240823s9999||||xx |||||||||||||| ||und||
020 _a81-239-0928-4
041 _aENGLISH
082 _A621.3 M4
100 _a"Cotton, H"
245 0 _aElectrical Technology
250 _a7th
260 _c1984
_b"CBS Publishers & Distributors,New "
500 _aTRANSFERED
650 _aElectrical Technology
_bElectrical
942 _cBK
999 _c206946
_d206946